000 00208nam a22000857a 4500
008 161202b xxu||||| |||| 00| 0 eng d
100 _91745
_aSaini,T.C
245 _aComputer Sience
260 _aNew Delhi
_bMethodex
999 _c4454
_d4454